Convenio constitutivo y reglamentos /

Na minha lista:
Detalhes bibliográficos
Autores corporativos: Banco Centroamericano de Integración Económica, BCIE
Formato: Texto
Publicado em: Tegucigalpa: Banco Centroamericano de Integración Económica
Tags: Adicionar Tag
Sem tags, seja o primeiro a adicionar uma tag!

MARC

LEADER 00000 a a2200000 04500
001 21383
003
040 |a CRAI/IIS  |c CRAI/IIS 
090 |a 094000  
110 |a Banco Centroamericano de Integración Económica  
245 |a Convenio constitutivo y reglamentos /  |c Banco Centroamericano de Integración Económica  
260 |a Tegucigalpa:   |b Banco Centroamericano de Integración Económica  
300 |a 72 p.  
710 |a BCIE  
999 |c 6349  |d 6349